| 000 | 00765nam a2200241Ia 4500 | ||
|---|---|---|---|
| 003 | OSt | ||
| 005 | 20220926005248.0 | ||
| 006 | a|||||r|||| 00| 0 | ||
| 007 | ta | ||
| 008 | 220923b |||||||| |||| 00| 0 eng d | ||
| 037 | _cGeneral Book | ||
| 040 |
_aRTL _cRTL _beng |
||
| 041 |
_2eng _aeng |
||
| 082 | _aX9(J):97.275.N8, M3 | ||
| 100 |
_aRudra Ashok _997568 |
||
| 245 | 0 |
_aAgrarian relations in West Bengal _b Results of two |
|
| 260 |
_a New Delhi _bSamaiya Publicaitons India _c1983 |
||
| 300 |
_a104p. Bib p. 103-04,Appendix p.61-102 _ccm. |
||
| 650 |
_aAgricultural Labour _9241342 |
||
| 700 |
_a Bardhan Pranab _9129250 |
||
| 942 |
_hX9(J):97.275.N8, M3 _cGB _2CC |
||
| 999 |
_c613345 _d613345 |
||